| 000 | 00511nam a2200217Ia 4500 | ||
|---|---|---|---|
| 003 | OSt | ||
| 005 | 20250702163005.0 | ||
| 008 | 210210b2016 xxu||||| |||| 00| 0 eng d | ||
| 020 | _a9788121920377 | ||
| 040 | _cAL | ||
| 041 | _aeng | ||
| 082 | _a332.1 NATI | ||
| 100 |
_aNatarajan S _974122 |
||
| 245 | _aIndian banking | ||
| 260 |
_aNew Delhi _bS. Chand & Co. Ltd. _c2016 |
||
| 300 | _axvi,335p. | ||
| 690 |
_aBanking _974123 |
||
| 700 |
_aParameswaran R _974124 |
||
| 906 | _a071053 | ||
| 942 |
_2ddc _cBK |
||
| 999 |
_c120444 _d120444 |
||